Fundamentos de transferencia de momento, calor y masa / James R. Welty (Registro nro. 19729)
[ vista simple ]
| 000 -LÍDER | |
|---|---|
| fixed length control field | 00475nam a2200145 4500 |
| 008 - ELEMENTOS DE LONGITUD FIJA -- INFORMACIÓN GENERAL | |
| fixed length control field | 0 1991 0an 000 0Mex |
| 020 ## - NÚMERO INTERNACIONAL NORMALIZADO PARA LIBROS | |
| ISBN | 968-18-1306-5 |
| 050 ## - SIGNATURA TOPOGRAFICA DE LA BIBLIOTECA DEL CONGRESO (LC) | |
| Número de Clasificación | TA357 W4518 |
| 082 ## - NUMERO DE CLASIFICACION DECIMAL DEWEY | |
| Número de Clasificación | 536.2 W159f |
| 100 ## - ASIENTO PRINCIPAL--NOMBRE PERSONAL | |
| Nombre personal | Welty James R. |
| 245 ## - TÍTULO | |
| Título | Fundamentos de transferencia de momento, calor y masa / James R. Welty |
| 260 ## - PUBLICACIÓN, DISTRIBUCIÓN, ETC. (PIE DE IMPRENTA) | |
| Lugar de publicación, distribución, etc. | Mexico: limusa |
| 300 ## - DESCRIPCIÓN FÍSICA | |
| Extensión | 887p, 26cm |
| 650 ## - ASIENTO SECUNDARIO DE MATERIA - TERMINO TEMÁTICO | |
| Término temático o nombre geográfico como elemento de entrada | 1. TRANSFERENCIA DE CALOR \ 2. TRANSFERENCIA DE MOMENTO \ 3. TRANSFERENCIA DE MASA |
| No. biblioteca | No. biblioteca | Número de clasificación | Código de barras/Número de adquisición | Número de copia | Tipo de material |
|---|---|---|---|---|---|
| LUIS G. INCLAN | LUIS G. INCLAN | 536.2 W159f | 14435 | 2 | Libros |
| LUIS G. INCLAN | LUIS G. INCLAN | 536.2 W159f | 14436 | 3 | Libros |
